[Event "CZE-tht Extraliga 2018-19"]
[Site "Czech Republic"]
[Date "2018.11.04"]
[Round "2"]
[White "Skalsky, Alexandr"]
[Black "Simek, Petr"]
[Result "1/2-1/2"]
[WhiteElo "2240"]
[BlackElo "2338"]
[Annotator "NA"]
[PlyCount "63"]
[EventDate "2018.11.03"]
[EventType "team-tourn"]
[EventCountry "CZE"]
[SourceTitle "playchess.com"]
[Source "ChessBase"]
[SourceQuality "1"]
[WhiteTeam "Labortech Ostrava"]
[BlackTeam "Siesta Solution Unichess A"]
[TimeControl "40/5400+30:1800+30"]

1. e4 {[%emt 0:00:00]} e5 {[%emt 0:00:00]} 2. Nf3 {[%emt 0:00:00]} Nc6 {[%emt 0:00:00]} 3. Bb5 {[%emt 0:00:00]} a6 {[%emt 0:00:00]} 4. Ba4 {[%emt 0:00:00]} Nf6 {[%emt 0:00:02]} 5. O-O {[%emt 0:00:00]} Be7 {[%emt 0:00:51]} 6. Re1 {[%emt 0:00:00]} b5 {[%emt 0:00:07]} 7. Bb3 {[%emt 0:00:04]} O-O {[%emt 0:00:08]} 8. a4 {[%emt 0:00:50]} b4 {[%emt 0:00:26]} 9. a5 {[%emt 0:00:10]} d5 {[%emt 0:07:16]} 10. exd5 {[%emt 0:19:23]} e4 {[%emt 0:06:55]} 11. dxc6 {[%emt 0:16:21]} exf3 {[%emt 0:00:11]} 12. g3 {[%emt 0:14:53]} Bc5 {[%emt 0:09:26]} 13. d4 {[%emt 0:14:58]} Bxd4 {[%emt 0:08:45]} 14. Qxf3 {[%emt 0:13:56]} Ng4 {[%emt 0:35:10]} 15. Be3 {[%emt 0:10:10]} Bxb2 {[%emt 0:00:52]} 16. Ra2 {[%emt 0:00:44]} Bf6 {[%emt 0:10:03]} 17. Bc5 {[%emt 0:01:32]} Re8 {[%emt 0:00:05]} 18. Rd1 {[%emt 0:01:02]} Ne5 {[%emt 0:00:06]} 19. Bxf7+ {[%emt 0:02:25]} Kh8 {[%emt 0:02:37]} 20. Qe2 {[%emt 0:00:45]} Bg4 {[%emt 0:01:10]} 21. Rxd8 {[%emt 0:01:00]} Rexd8 {[%emt 0:02:18]} 22. Qe3 {[%emt 0:02:11]} Rd1+ {[%emt 0:02:29]} 23. Kg2 {[%emt 0:00:00]} Nf3 {[%emt 0:05:41]} 24. Qxf3 {[%emt 0:00:04]} Bxf3+ {[%emt 0:00:12]} 25. Kxf3 {[%emt 0:00:03]} Rxb1 {[%emt 0:00:08]} 26. Bc4 {[%emt 0:01:07]} g6 {[%emt 0:02:11]} 27. Ra4 {[%emt 0:00:18]} Bc3 {[%emt 0:02:49]} 28. Bb3 {[%emt 0:00:57]} Rb8 {[%emt 0:01:51]} 29. Bc4 {[%emt 0:00:39]} Ra8 {[%emt 0:01:10]} 30. Bb3 {[%emt 0:00:23]} Rb8 {[%emt 0:01:27]} 31. Bc4 {[%emt 0:00:23]} Ra8 {[%emt 0:00:32]} 32. Bb3 {[%emt 0:01:00]} 1/2-1/2

[Event "CZE-tht Extraliga 2018-19"]
[Site "Czech Republic"]
[Date "2018.11.04"]
[Round "2"]
[White "Pokorny, Petr"]
[Black "Rojicek, Vojtech"]
[Result "0-1"]
[WhiteElo "2214"]
[BlackElo "2387"]
[Annotator "NA"]
[PlyCount "152"]
[EventDate "2018.11.03"]
[EventType "team-tourn"]
[EventCountry "CZE"]
[SourceTitle "playchess.com"]
[Source "ChessBase"]
[SourceQuality "1"]
[WhiteTeam "Siesta Solution Unichess B"]
[BlackTeam "Beskydská šachová škola"]
[TimeControl "40/5400+30:1800+30"]

1. d4 {[%emt 0:00:00]} Nf6 {[%emt 0:00:00]} 2. Nf3 {[%emt 0:00:00]} g6 {[%emt 0:00:47]} 3. Bf4 {[%emt 0:00:06]} Bg7 {[%emt 0:00:24]} 4. e3 {[%emt 0:00:17]} O-O {[%emt 0:00:27]} 5. Be2 {[%emt 0:01:07]} d6 {[%emt 0:00:18]} 6. h3 {[%emt 0:00:09]} Nfd7 {[%emt 0:00:09]} 7. Bh2 {[%emt 0:00:08]} e5 {[%emt 0:00:13]} 8. c4 {[%emt 0:00:29]} Nc6 {[%emt 0:10:15]} 9. Nc3 {[%emt 0:00:11]} Kh8 {[%emt 0:00:48]} 10. O-O {[%emt 0:00:28]} f5 {[%emt 0:04:17]} 11. Rc1 {[%emt 0:03:17]} e4 {[%emt 0:03:50]} 12. Nd2 {[%emt 0:03:29]} Nf6 {[%emt 0:06:19]} 13. a3 {[%emt 0:04:28]} Ne7 {[%emt 0:00:10]} 14. b4 {[%emt 0:07:29]} g5 {[%emt 0:02:07]} 15. c5 {[%emt 0:16:22]} d5 {[%emt 0:05:26]} 16. b5 {[%emt 0:01:22]} Ng6 {[%emt 0:00:34]} 17. Bh5 {[%emt 0:08:02]} Nxh5 {[%emt 0:08:13]} 18. Qxh5 {[%emt 0:00:04]} Be6 {[%emt 0:04:22]} 19. f4 {[%emt 0:04:47]} gxf4 {[%emt 0:02:20]} 20. Bxf4 {[%emt 0:00:05]} Nxf4 {[%emt 0:00:29]} 21. Rxf4 {[%emt 0:00:03]} Qe8 {[%emt 0:01:53]} 22. Qxe8 {[%emt 0:05:42]} Raxe8 {[%emt 0:00:10]} 23. Re1 {[%emt 0:05:01]} Bh6 {[%emt 0:01:01]} 24. Rf2 {[%emt 0:02:03]} f4 {[%emt 0:01:08]} 25. Nd1 {[%emt 0:00:28]} Bd7 {[%emt 0:05:23]} 26. a4 {[%emt 0:00:57]} a6 {[%emt 0:03:57]} 27. c6 {[%emt 0:04:41]} bxc6 {[%emt 0:00:17]} 28. bxa6 {[%emt 0:00:06]} c5 {[%emt 0:03:49]} 29. Nb3 {[%emt 0:01:51]} cxd4 {[%emt 0:01:28]} 30. exd4 {[%emt 0:03:56]} e3 {[%emt 0:02:06]} 31. Ra2 {[%emt 0:01:33]} Bg7 {[%emt 0:01:31]} 32. Nc3 {[%emt 0:01:58]} f3 {[%emt 0:05:26]} 33. gxf3 {[%emt 0:00:17]} Rxf3 {[%emt 0:00:09]} 34. Nxd5 {[%emt 0:08:38]} Rg3+ {[%emt 0:00:43]} 35. Kh2 {[%emt 0:01:10]} Rxh3+ {[%emt 0:00:33]} 36. Kg2 {[%emt 0:00:13]} c6 {[%emt 0:06:45]} 37. Nc5 {[%emt 0:03:07]} cxd5 {[%emt 0:01:54]} 38. Nxd7 {[%emt 0:00:10]} Rh6 {[%emt 0:00:05]} 39. a5 {[%emt 0:09:03]} Rxa6 {[%emt 0:01:24]} 40. Nb6 {[%emt 0:00:43]} Bxd4 {[%emt 0:01:50]} 41. Nxd5 {[%emt 0:30:51]} Re5 {[%emt 0:34:52]} 42. Nf4 {[%emt 0:03:33]} Rf6 {[%emt 0:00:07]} 43. Rf1 {[%emt 0:00:00]} Ba7 {[%emt 0:00:00]} 44. Rc2 {[%emt 0:00:00]} Rxf4 {[%emt 0:00:00]} 45. Rxf4 {[%emt 0:00:00]} e2 {[%emt 0:00:00]} 46. Rc1 {[%emt 0:00:00]} Be3 {[%emt 0:00:00]} 47. Re1 {[%emt 0:00:00]} Bxf4 {[%emt 0:00:00]} 48. Kf3 {[%emt 0:00:00]} Bg5 {[%emt 0:00:00]} 49. Rxe2 {[%emt 0:00:00]} Rxa5 {[%emt 0:00:00]} 50. Kg4 {[%emt 0:00:00]} Bf6 {[%emt 0:00:00]} 51. Rc2 {[%emt 0:00:00]} Kg7 {[%emt 0:00:00]} 52. Kh3 {[%emt 0:00:00]} Kg6 {[%emt 0:00:00]} 53. Rg2+ {[%emt 0:00:00]} Bg5 {[%emt 0:00:00]} 54. Rf2 {[%emt 0:00:00]} Ra3+ {[%emt 0:00:00]} 55. Kg2 {[%emt 0:00:00]} h5 {[%emt 0:00:00]} 56. Rf3 {[%emt 0:00:00]} Ra4 {[%emt 0:00:00]} 57. Rf2 {[%emt 0:00:00]} Bf4 {[%emt 0:00:00]} 58. Rb2 {[%emt 0:00:07]} Kf5 {[%emt 0:00:00]} 59. Kh3 {[%emt 0:01:08]} Ra3+ {[%emt 0:00:00]} 60. Kg2 {[%emt 0:00:10]} h4 {[%emt 0:00:00]} 61. Rb1 {[%emt 0:01:27]} Ra2+ {[%emt 0:00:00]} 62. Kh1 {[%emt 0:00:08]} Be3 {[%emt 0:00:00]} 63. Re1 {[%emt 0:00:58]} Bf4 {[%emt 0:00:00]} 64. Rb1 {[%emt 0:00:25]} Kg4 {[%emt 0:00:00]} 65. Rg1+ {[%emt 0:00:51]} Kh3 {[%emt 0:00:00]} 66. Rg2 {[%emt 0:00:05]} Ra1+ {[%emt 0:00:00]} 67. Rg1 {[%emt 0:00:09]} Ra3 {[%emt 0:00:00]} 68. Rg2 {[%emt 0:01:41]} Bg3 {[%emt 0:00:00]} 69. Rg1 {[%emt 0:00:12]} Ra2 {[%emt 0:00:00]} 70. Rg2 {[%emt 0:00:08]} Ra1+ {[%emt 0:00:00]} 71. Rg1 {[%emt 0:00:01]} Ra2 {[%emt 0:00:00]} 72. Rg2 {[%emt 0:00:04]} Bf2 {[%emt 0:00:00]} 73. Rh2+ {[%emt 0:00:27]} Kg4 {[%emt 0:00:00]} 74. Rg2+ {[%emt 0:03:07]} Kf3 {[%emt 0:00:00]} 75. Rg8 {[%emt 0:00:34]} Ra1+ {[%emt 0:00:30]} 76. Kh2 {[%emt 0:00:11]} Bg3+ {[%emt 0:00:05]} 0-1

[Event "CZE-tht Extraliga 2018-19"]
[Site "Czech Republic"]
[Date "2018.11.04"]
[Round "2"]
[White "Jascenko, Olga"]
[Black "Rabatin, Jakub"]
[Result "0-1"]
[WhiteElo "2127"]
[BlackElo "2300"]
[Annotator "NA"]
[PlyCount "74"]
[EventDate "2018.11.03"]
[EventType "team-tourn"]
[EventCountry "CZE"]
[SourceTitle "playchess.com"]
[Source "ChessBase"]
[SourceQuality "1"]
[WhiteTeam "Siesta Solution Unichess B"]
[BlackTeam "Beskydská šachová škola"]
[TimeControl "40/5400+30:1800+30"]

1. d4 {[%emt 0:00:00]} Nf6 {[%emt 0:00:00]} 2. c4 {[%emt 0:00:10]} e6 {[%emt 0:01:01]} 3. Nc3 {[%emt 0:00:16]} Bb4 {[%emt 0:00:21]} 4. Nf3 {[%emt 0:00:47]} b6 {[%emt 0:03:55]} 5. a3 {[%emt 0:03:20]} Bxc3+ {[%emt 0:00:16]} 6. bxc3 {[%emt 0:00:02]} Bb7 {[%emt 0:03:30]} 7. Bg5 {[%emt 0:04:05]} h6 {[%emt 0:00:10]} 8. Bh4 {[%emt 0:01:34]} g5 {[%emt 0:13:38]} 9. Bg3 {[%emt 0:00:22]} Ne4 {[%emt 0:00:10]} 10. Qc2 {[%emt 0:02:28]} d6 {[%emt 0:01:25]} 11. e3 {[%emt 0:02:23]} Nd7 {[%emt 0:00:39]} 12. Nd2 {[%emt 0:04:55]} Nxg3 {[%emt 0:10:18]} 13. hxg3 {[%emt 0:00:06]} f5 {[%emt 0:03:42]} 14. e4 {[%emt 0:05:09]} Qf6 {[%emt 0:02:31]} 15. Bd3 {[%emt 0:05:38]} O-O-O {[%emt 0:02:05]} 16. f3 {[%emt 0:08:19]} Rdf8 {[%emt 0:20:23]} 17. a4 {[%emt 0:08:53]} a5 {[%emt 0:00:43]} 18. Nb3 {[%emt 0:01:51]} fxe4 {[%emt 0:04:18]} 19. Bxe4 {[%emt 0:02:28]} d5 {[%emt 0:00:55]} 20. cxd5 {[%emt 0:04:55]} exd5 {[%emt 0:00:37]} 21. Bd3 {[%emt 0:01:08]} Qd6 {[%emt 0:03:07]} 22. Kf2 {[%emt 0:01:40]} Nf6 {[%emt 0:03:16]} 23. Bf5+ {[%emt 0:00:43]} Kb8 {[%emt 0:00:21]} 24. Nd2 {[%emt 0:00:12]} h5 {[%emt 0:02:51]} 25. Rae1 {[%emt 0:06:31]} h4 {[%emt 0:03:19]} 26. gxh4 {[%emt 0:00:27]} gxh4 {[%emt 0:01:28]} 27. Rh3 {[%emt 0:03:02]} Nh5 {[%emt 0:02:46]} 28. Nf1 {[%emt 0:02:13]} Nf4 {[%emt 0:01:52]} 29. Rh2 {[%emt 0:00:48]} Ba6 {[%emt 0:00:47]} 30. Kg1 {[%emt 0:04:37]} Ne2+ {[%emt 0:06:06]} 31. Kh1 {[%emt 0:03:30]} Qf6 {[%emt 0:03:25]} 32. Bg4 {[%emt 0:01:29]} Re8 {[%emt 0:01:16]} 33. Qd2 {[%emt 0:01:43]} Re7 {[%emt 0:00:48]} 34. g3 {[%emt 0:12:18]} hxg3 {[%emt 0:00:56]} 35. Rxh8+ {[%emt 0:00:33]} Qxh8+ 36. Kg2 {[%emt 0:00:03]} Rh7 {[%emt 0:01:50]} 37. Nxg3 {[%emt 0:00:52]} Rh2+ {[%emt 0:00:08] Kg1 [%clk 0:09:23]} 0-1

[Event "CZE-tht Extraliga 2018-19"]
[Site "Czech Republic"]
[Date "2018.12.01"]
[Round "3"]
[White "Vitiugov, Nikita"]
[Black "Konopka, Michal"]
[Result "1-0"]
[WhiteElo "2709"]
[BlackElo "2367"]
[Annotator "TA"]
[PlyCount "63"]
[EventDate "2018.11.03"]
[EventType "team-tourn"]
[EventCountry "CZE"]
[SourceTitle "playchess.com"]
[Source "ChessBase"]
[SourceQuality "1"]
[WhiteTeam "Novoborsky"]
[BlackTeam "Siesta B"]

{[%evp 18,63,60,42,57,54,59,51,76,69,92,92,108,122,98,7,16,24,22,19,0,0,0,0,0,-17,0,0,0,0,0,0,0,0,2,2,39,30,108,108,538,538,619,614,670,633,602,597]} 1. d4 d5 {[%cal Bd7d5,Bd5c4][%mdl 32]} 2. c4 dxc4 3. Nf3 a6 4. e3 b5 5. a4 Bb7 6. b3 Nf6 {D22: Queen's Gambit Accepted: 3 Nf3 a6 4 e3} 7. bxc4 bxc4 8. Bxc4 e6 9. Nbd2 Nbd7 10. Qb3 {LiveBook: 3 Games} Rb8 11. Qd3 $1 a5 $146 ({Predecessor:} 11... Nd5 12. O-O Nb4 13. Qe2 c5 14. Bb2 {½-½ (47) Markus,R (2644)-Van den Doel,E (2593) Germany 2018}) 12. O-O Bb4 13. Ba3 c5 {[#]} 14. dxc5 $1 O-O 15. Bxb4 axb4 16. Bb5 (16. Qd4 $16) 16... Nxc5 $11 17. Qc4 Bxf3 18. Nxf3 Qd5 {Black wants to play ...Qxc4.} 19. Qc2 Rfc8 20. Qb2 Qb3 21. Qd4 Qc3 {[#] aiming for ...Nb3.} 22. Rac1 $36 {[%mdl 2048] White is pushing.} Qxd4 23. Nxd4 {Nc6 is the strong threat.} b3 24. f3 b2 25. Rc2 Nd5 {Threatens to win with ...Nxa4!} 26. Rb1 {Black must now prevent Nc6.} Nxe3 (26... Nxa4 $5 27. Bxa4 Nc3 28. Rbxb2 Rxb2 29. Rxb2 Nxa4 $11) 27. Rcxb2 Nd5 (27... Kf8 $11 {remains equal.}) 28. Rc1 $16 {Strongly threatening Rbc2.} Nf4 $2 {[%mdl 8192]} (28... Rc7 $16 {is a better chance.}) 29. Rbc2 $18 {White is clearly winning.} Rd8 30. Nc6 Ncd3 31. Nxd8 Nxc1 32. Nc6 {Accuracy: White = 75%, Black = 50%.} ({Less strong is} 32. Rxc1 Rxd8 33. a5 Ra8 $18) 1-0

[Event "CZE-tht Extraliga 2018-19"]
[Site "Czech Republic"]
[Date "2018.12.01"]
[Round "3"]
[White "Korobov, Anton"]
[Black "Rodshtein, Maxim"]
[Result "1-0"]
[WhiteElo "2698"]
[BlackElo "2675"]
[Annotator "TA"]
[PlyCount "75"]
[EventDate "2018.11.03"]
[EventType "team-tourn"]
[EventCountry "CZE"]
[SourceTitle "playchess.com"]
[Source "ChessBase"]
[SourceQuality "1"]
[WhiteTeam "Beskydska"]
[BlackTeam "Turnov"]

{[%evp 23,75,8,20,-7,-7,-22,17,12,20,13,14,7,7,6,16,16,31,27,33,38,27,22,31,27,34,32,48,50,57,57,104,56,68,60,97,59,58,64,77,54,65,52,55,39,50,45,50,52,146,144,377,375,371,363]} 1. d4 d5 2. c4 c6 3. cxd5 cxd5 4. Bf4 Nc6 5. e3 Nf6 6. Nc3 Bf5 7. Qb3 Na5 8. Qa4+ {D10: Slav Defence: 3 cxd5 (without early Nf3) and 3 Nc3} Bd7 9. Qc2 e6 10. Bd3 Be7 11. Nf3 Rc8 12. O-O Nc6 {LiveBook: 11 Games} 13. Qe2 Nh5 14. Be5 O-O 15. h3 f5 $146 ({Predecessor:} 15... Nxe5 16. dxe5 g6 17. g4 {1-0 (85) Jobava,B (2713)-Reshef,O (2459) Minsk 2017}) 16. Bh2 Nf6 17. Rac1 Ne4 18. a3 Be8 19. Nd2 Bd6 20. Bxd6 Qxd6 21. Rc2 Bd7 22. Rfc1 Na5 {Threatening ...Nxd2.} 23. Nb5 Rxc2 24. Rxc2 Bxb5 25. Bxb5 a6 26. Nxe4 dxe4 27. Bc4 g6 28. Ba2 Kg7 29. Rc5 Nc6 30. Qc2 Re8 31. b4 Re7 32. Bb3 e5 33. d5 Nd8 34. Rc8 Nf7 35. Qc5 {Threatens to win with Qxd6.} Rd7 {[#]} (35... Qf6 $14) 36. Ba4 $1 $16 {[%cal Ra4d7]} Rd8 $2 {[#]} (36... b6 $16 {was called for.} 37. Qc6 b5) 37. Rc7 $1 $18 b5 38. Bb3 {Accuracy: White = 83%, Black = 46%.} 1-0

[Event "CZE-tht Extraliga 2018-19"]
[Site "Czech Republic"]
[Date "2018.12.01"]
[Round "3"]
[White "Nabaty, Tamir"]
[Black "Michalik, Peter"]
[Result "1/2-1/2"]
[WhiteElo "2692"]
[BlackElo "2555"]
[Annotator "TA"]
[PlyCount "30"]
[EventDate "2018.11.03"]
[EventType "team-tourn"]
[EventCountry "CZE"]
[SourceTitle "playchess.com"]
[Source "ChessBase"]
[SourceQuality "1"]
[WhiteTeam "Lysa nad Labem"]
[BlackTeam "Siesta"]

{[%evp 12,30,0,0,5,0,0,0,17,-21,-43,-41,-37,-39,-41,-43,-39,-33,-44,-53,-25]} 1. d4 d5 2. Nf3 Nf6 3. Bf4 c5 4. e3 Nc6 5. Nbd2 (5. c3 e6 6. Nbd2 cxd4 7. exd4 Nh5 8. Bg5 f6 9. Be3 Bd6 10. Bb5 O-O 11. O-O Ne7 12. Re1 Bd7 13. Bd3 g6 14. Bh6 Rf7 {½-½ (83) Caruana,F (2822)-Aronian,L (2767) chess.com INT 2018}) 5... cxd4 6. exd4 {D02: 1 d4 d5 2 Nf3 sidelines, including 2...Nf6 3 g3 and 2...Nf6 3 Bf4} Bf5 7. Bb5 {LiveBook: 7 Games} e6 8. Ne5 {The position is equal.} Qb6 {[%mdl 64] [#] Double Attack} 9. c4 $146 ({Predecessor:} 9. Bxc6+ bxc6 10. Nb3 c5 11. c4 cxd4 12. cxd5 Bb4+ 13. Bd2 Nxd5 14. Nxd4 Qxd4 {0-1 (47) Cedano,D (1325)-Latorre,F (1914) Bogota 2013}) 9... dxc4 10. Qa4 a6 11. Bxc6+ {Black is slightly better.} bxc6 12. O-O Nd5 13. Bg3 c3 14. bxc3 Qb5 $1 {[%cal Rb5a4]} 15. Qb3 Qxb3 1/2-1/2

[Event "CZE-tht Extraliga 2018-19"]
[Site "Czech Republic"]
[Date "2018.12.01"]
[Round "3"]
[White "Laznicka, Viktor"]
[Black "Jurcik, Martin"]
[Result "1-0"]
[WhiteElo "2664"]
[BlackElo "2331"]
[Annotator "TA"]
[PlyCount "67"]
[EventDate "2018.11.03"]
[EventType "team-tourn"]
[EventCountry "CZE"]
[SourceTitle "playchess.com"]
[Source "ChessBase"]
[SourceQuality "1"]
[WhiteTeam "Novoborsky"]
[BlackTeam "Siesta B"]

{[%evp 20,67,31,18,35,0,8,4,0,0,12,16,22,13,50,56,58,54,51,50,99,109,109,117,131,117,263,233,310,294,625,633,1126,1126,1042,993,928,386,457,457,447,446,458,443,856,691,1023,922,855,829]} 1. d4 d5 2. c4 e6 3. Nc3 dxc4 4. e4 c5 5. d5 Nf6 6. Bxc4 exd5 7. Nxd5 Nxd5 8. Bxd5 Be7 9. Nf3 O-O 10. O-O Na6 {[%cal Bb8a6,Ba6b4,Bb4c6,Bc6d4][%mdl 32] D20: Queen's Gambit Accepted: 3 e3 and 3 e4} 11. Bf4 {LiveBook: 11 Games} Nb4 12. Bc4 (12. Re1 Nxd5 13. exd5 Bd6 14. Bxd6 Qxd6 15. Ne5 b6 16. Nc4 Qf6 17. Qa4 Qd8 18. Rad1 {½-½ (32) Wang,Y (2718)-Ivanchuk,V (2744) Tromsoe 2014}) 12... Be6 {The position is equal.} 13. Bxe6 fxe6 14. Bd2 Nc6 $146 ({Predecessor:} 14... Nd3 15. Qb3 Qd7 16. Bc3 Rxf3 17. gxf3 b5 18. Rad1 {1-0 (43) Oll,L (2595)-Vaulin,A (2500) St Petersburg 1993}) 15. Rc1 {[%cal Ba1c1,Bc1c3,Bc3g3,Bg3g4][%mdl 32]} b6 16. Qb3 $36 {[%mdl 2048] White has some pressure.} Rxf3 17. gxf3 Nd4 18. Qd1 Qe8 19. Kh1 Qh5 {[#] Hoping for ...Bd6.} 20. Rc3 $1 Qh4 21. f4 e5 22. Rg3 Bd6 (22... exf4 $16 23. Rg4 {[%mdl 64] Double Attack} Qf6) 23. Rg4 Qh3 24. Rfg1 exf4 $2 (24... Bf8 25. R1g3 (25. fxe5 Qf3+ 26. Qxf3 Nxf3 $16) 25... Qh6 26. fxe5 Qe6) 25. Rxg7+ $18 Kh8 26. Bc3 Be5 27. R7g5 Qe6 28. Qg4 (28. Qh5 $142 Re8 29. Rg6) 28... Qxg4 29. R1xg4 {White is clearly winning.} Re8 30. Rh5 Re6 31. b4 cxb4 (31... f3 $142 32. bxc5 bxc5) 32. Bb2 {Threatening mate with Rxe5!} Nc6 {[#]} 33. Rxe5 $1 {[%mdl 512]} Nxe5 34. Rg5 {Accuracy: White = 80%, Black = 18%.} 1-0

[Event "CZE-tht Extraliga 2018-19"]
[Site "Czech Republic"]
[Date "2018.12.01"]
[Round "3"]
[White "Rausis, Igors"]
[Black "Vykouk, Jan"]
[Result "1-0"]
[WhiteElo "2655"]
[BlackElo "2435"]
[Annotator "TA"]
[PlyCount "75"]
[EventDate "2018.11.03"]
[EventType "team-tourn"]
[EventCountry "CZE"]
[SourceTitle "playchess.com"]
[Source "ChessBase"]
[SourceQuality "1"]
[WhiteTeam "Beskydska"]
[BlackTeam "Turnov"]

{[%evp 16,75,74,67,98,93,105,87,91,88,95,92,95,89,92,85,94,98,103,90,89,70,72,69,75,56,91,93,96,52,53,64,104,91,104,0,133,132,131,100,110,97,97,97,242,241,304,303,686,583,5723,5377,5497,5385,4902,0,475,0,4810,2673,5422,5393]} 1. c4 e6 2. Nf3 f5 3. g3 Nf6 4. Bg2 c6 5. O-O d5 6. d3 Bd6 7. Nc3 O-O 8. e4 fxe4 {A10: English Opening: Unusual Replies for Black} (8... dxe4 9. dxe4 e5 10. Qc2 fxe4 11. Ng5 Bc5 12. Ncxe4 Bf5 13. Be3 Nxe4 14. Bxe4 Bxe3 15. fxe3 Qxg5 16. Bxf5 Qxe3+ 17. Kh1 {1-0 (35) Bu,X (2695)-Fedoseev,V (2664) Ningbo 2015}) 9. dxe4 {LiveBook: 4 Games} Bb4 10. exd5 exd5 {White is better.} 11. cxd5 cxd5 12. Bg5 Bxc3 13. bxc3 Nc6 14. Nd4 Kh8 $146 ({Predecessor:} 14... Ne5 15. Re1 Nc4 16. Ne6 Bxe6 17. Rxe6 {1-0 (38) Patsyk,A (2215)-Prusakov,D (2135) Kimry 2003}) 15. Rb1 h6 16. Bxf6 Qxf6 17. f4 Rd8 18. Re1 b6 19. Nxc6 Qxc6 20. Qd4 Bf5 {[#]} 21. Re7 $1 {[%csl Ge7][%cal Rd4g7][%mdl 512]} Qg6 22. Rd1 Re8 23. Rde1 Rxe7 24. Rxe7 Re8 {[#]} 25. Rxa7 (25. Rxe8+ $1 $16 Qxe8 26. Qe5) 25... Be4 (25... Bg4 $11 {remains equal.} 26. f5 (26. Qxd5 $2 Qb1+ 27. Bf1 Be2 $19) 26... Re1+ 27. Kf2 Re2+ 28. Kg1 Re1+ 29. Bf1 Bxf5) 26. Bf1 $16 Rf8 27. Qe5 Kh7 28. Bg2 Bxg2 29. Kxg2 {[%mdl 4096] Endgame KQR-KQR} d4 (29... Rf7 $16 30. Rxf7 Qxf7) 30. cxd4 $40 {[%cal Bc3d4,Bd4d5][%mdl 160] White goes for the king.} Qc2+ 31. Kh3 {[%csl Ga7][%cal Re5g7]} Rg8 $2 (31... Qg6 32. d5 h5) 32. d5 Qd3 33. Re7 Qf1+ 34. Kh4 Qg1 35. Kh3 (35. h3 $142 Qc5 36. d6 Qxe5 37. fxe5) 35... Qf1+ 36. Kh4 (36. Kg4 $142) 36... Qg1 $1 37. h3 Qd1 38. d6 {Accuracy: White = 80%, Black = 49%.} 1-0

[Event "CZE-tht Extraliga 2018-19"]
[Site "Czech Republic"]
[Date "2018.12.01"]
[Round "3"]
[White "Alekseenko, Kirill"]
[Black "Straka, Vojtech"]
[Result "1-0"]
[WhiteElo "2638"]
[BlackElo "2387"]
[Annotator "TA"]
[PlyCount "115"]
[EventDate "2018.11.03"]
[EventType "team-tourn"]
[EventCountry "CZE"]
[SourceTitle "playchess.com"]
[Source "ChessBase"]
[SourceQuality "1"]
[WhiteTeam "Pardubice"]
[BlackTeam "Cesky Tesin"]

{[%evp 20,115,2,0,0,0,0,0,0,0,0,0,0,0,0,0,0,0,14,6,14,27,29,35,29,26,77,77,69,81,101,105,166,154,165,160,168,135,239,231,224,221,282,125,117,104,112,112,123,134,135,129,131,122,152,155,156,152,163,163,163,163,163,163,150,156,162,147,126,157,138,156,208,214,212,202,291,284,344,324,387,372,676,5189,4747,4782,4638,4638,4631,4618,1926,1731,29979,29980,29980,29981,29974,29972]} 1. e4 c5 2. Nc3 g6 3. f4 Bg7 4. Nf3 Nc6 5. Bb5 Nd4 6. Nxd4 cxd4 7. Ne2 Qb6 8. Bc4 d6 {B23: Closed Sicilian: Lines without g3} 9. d3 Nf6 10. O-O O-O 11. Bb3 {LiveBook: 4 Games} a5 12. a4 Nxe4 13. dxe4 {Hoping for Qd3.} d3+ $1 14. Kh1 dxe2 15. Qxe2 Be6 16. Bxe6 fxe6 {[#]} 17. Qc4 $146 d5 18. exd5 Rac8 19. Qe4 exd5 20. Qxd5+ Kh8 21. c3 e5 22. Qb5 Qc7 (22... Qxb5 $11 23. axb5 exf4) 23. Be3 $16 {[%cal Bc1e3,Be3b6,Bb6c5,Bc5e7,Be7f6][%mdl 32]} exf4 24. Bb6 Qe7 25. Rae1 $36 {[%cal Ba1e1,Be1e4,Be4f4][%mdl 2080] Keeping Black busy.} Qh4 (25... Qf7 $16) 26. Bc5 {Black must now prevent Be7.} (26. Qxa5 $6 f3 $16) 26... Rg8 27. Be7 Qg4 28. Re4 Rge8 (28... Rc7 $16 {keeps fighting.} 29. Bd6 (29. Rfxf4 Qd7 $16) (29. Qxa5 Rd7 $16) (29. Rexf4 Qd7 $16) 29... Rf7) 29. Rexf4 Qe6 30. Bf6 b6 31. h3 (31. Bxg7+ $18 Kxg7 32. Rf6 $1 {[%mdl 576] Decoy}) 31... Rf8 {[%cal Rf8f6]} 32. Qg5 Kg8 33. Qh4 Bxf6 34. Rxf6 Rxf6 35. Rxf6 {[%mdl 4096] Endgame KQR-KQR} Qe3 36. Rf3 Qc1+ 37. Kh2 {Qe7 is the strong threat.} Qxb2 38. Qg4 $1 {[%cal Rg4c8]} Re8 {[#]} 39. Qc4+ $1 Kh8 40. Rf7 Qd2 41. Qc7 Qh6 42. Qxb6 Qg5 43. Qd4+ Qe5+ 44. Qxe5+ Rxe5 {KR-KR} 45. Rc7 Re4 (45... h5 $16 46. Kg3 Kg8) 46. c4 $18 Kg8 47. Kg3 g5 (47... Re2 {is a better defense.} 48. Rc5 Kf7 49. Rxa5 Ra2 50. Ra7+ Kf6 51. Rxh7 Rxa4) 48. Kf3 Rh4 49. Rc5 h6 50. g3 Rxh3 $2 {[#]} (50... Rd4 51. Ke3 (51. Rxa5 Rxc4 52. Ra8+ Kh7 $18) 51... Rd1 52. Rxa5 Kf7) 51. Kg2 $1 {[%cal Rg2h3]} g4 52. Rxa5 Kf7 53. Rd5 h5 54. Rd4 {Threatening mate with a5.} Kf6 55. c5 {[%cal Bc4c5,Bc5c6][%mdl 32]} Kf5 56. Rc4 {White mates.} h4 57. c6 Rxg3+ 58. Kf2 {Accuracy: White = 86%, Black = 52%.} 1-0